| 000 | 00582nam a2200217 a 4500 | ||
|---|---|---|---|
| 999 |
_c4703 _d4703 |
||
| 001 | 4703 | ||
| 003 | BD-JhCC | ||
| 005 | 20171211191939.0 | ||
| 008 | 171130s1964 bg |||| ||a| 000 0 eng d | ||
| 035 | _a(BD-JhCC)4703 | ||
| 040 |
_aBD-JhCC _dBD-JhCC |
||
| 041 | _aeng | ||
| 082 |
_a956 _bHAN 1964 |
||
| 100 | _aHanifi, Manzoor Ahmad | ||
| 245 |
_aA Short History of Muslin Rule in Indo-Pakistan / _c Manzoor Ahmad Hanifi |
||
| 260 |
_aDacca : _bMd Jonab Ali, Ideal Library, _c1964. |
||
| 300 |
_a317 p. : _c22 cm. |
||
| 650 | _aMuslim Rules | ||
| 942 |
_2ddc _cBK |
||